00369nam a2200145Ia 4500003000400000008004100004020002700045040000800072100002500080245005400105250001200159260002500171300001500196365001200211LDD181029s9999 xx 000 0 und d a9781844652884cP 16.99 cLDD aStivale, Charles .J. 0aGilles Deleuzebkey conceptscCharles .J. Stivale a2nd ed. aDurhambAcumenc2011 axiv, 257p. bP 16.99